00585nam a2200169Ia 4500008004000000020001800040082001800058100002000076245003300096260004400129300000800173650001100181690003000192906001100222999001700233952016500250210210b1987 xxu||||| |||| 00| 0 eng d a0 85112 836 X a796.8153 MORK aMORRIS (Tommy). aKarate: the complete course. aLondonbGuinness superlatives ltdc1987 a160 aKarate aAthletic & Outdoor Sports a041375 c91460d91460 00102ddc40708Games & SportsaALbALcSSSd2021-02-17eAthree Book Centre, Mangalore-01.g0.00l0o796.8153 MORKp041375r2021-02-17 00:00:00w2021-02-17yBK